<?xml version="1.0" encoding="UTF-8"?>
<record
    xmlns:xsi="http://www.w3.org/2001/XMLSchema-instance"
    xsi:schemaLocation="http://www.loc.gov/MARC21/slim http://www.loc.gov/standards/marcxml/schema/MARC21slim.xsd"
    xmlns="http://www.loc.gov/MARC21/slim">

  <leader>03559nam a2200421 a 4500</leader>
  <controlfield tag="003">CHAP</controlfield>
  <controlfield tag="005">20250128125102.0</controlfield>
  <controlfield tag="007">ta</controlfield>
  <controlfield tag="008">250128s2013    sp abdofr|||| 001 0 spa d</controlfield>
  <datafield tag="020" ind1=" " ind2=" ">
    <subfield code="a">978-84-282-1598-5</subfield>
  </datafield>
  <datafield tag="040" ind1=" " ind2=" ">
    <subfield code="a">mxchpua</subfield>
    <subfield code="c">CHAP</subfield>
    <subfield code="e">rda</subfield>
  </datafield>
  <datafield tag="041" ind1=" " ind2=" ">
    <subfield code="a">spa</subfield>
    <subfield code="b">spa</subfield>
    <subfield code="f">spa</subfield>
    <subfield code="h">fre</subfield>
  </datafield>
  <datafield tag="050" ind1="1" ind2="0">
    <subfield code="a">SB388</subfield>
    <subfield code="b">.R49 2013</subfield>
  </datafield>
  <datafield tag="082" ind1="0" ind2="0">
    <subfield code="2">20</subfield>
    <subfield code="a">634.8</subfield>
    <subfield code="b">R49 2013</subfield>
  </datafield>
  <datafield tag="100" ind1="1" ind2=" ">
    <subfield code="a">Reynier, Alain</subfield>
    <subfield code="9">97074</subfield>
  </datafield>
  <datafield tag="240" ind1="1" ind2=" ">
    <subfield code="a">Manuel de viticulture.</subfield>
    <subfield code="l">Espa&#xF1;ol</subfield>
  </datafield>
  <datafield tag="245" ind1="1" ind2="0">
    <subfield code="a">Manual de viticultura /</subfield>
    <subfield code="c">Alain Reynier ; traductor Manuel Pijoan</subfield>
  </datafield>
  <datafield tag="250" ind1=" " ind2=" ">
    <subfield code="a">11a edici&#xF3;n</subfield>
  </datafield>
  <datafield tag="264" ind1=" " ind2=" ">
    <subfield code="a">Barcelona, Espa&#xF1;a :</subfield>
    <subfield code="b">Omega,</subfield>
    <subfield code="c">2013</subfield>
  </datafield>
  <datafield tag="300" ind1=" " ind2=" ">
    <subfield code="a">xiv, 593 p&#xE1;ginas :</subfield>
    <subfield code="b">ilustraciones, mapas, gr&#xE1;ficas, diagramas, tablas, fotos</subfield>
  </datafield>
  <datafield tag="336" ind1=" " ind2=" ">
    <subfield code="2">rdacontent</subfield>
    <subfield code="a">texto</subfield>
    <subfield code="b">txt</subfield>
  </datafield>
  <datafield tag="337" ind1=" " ind2=" ">
    <subfield code="2">rdamedia</subfield>
    <subfield code="a">sin medio</subfield>
    <subfield code="b">n</subfield>
  </datafield>
  <datafield tag="338" ind1=" " ind2=" ">
    <subfield code="2">rdacarrier</subfield>
    <subfield code="a">volumen</subfield>
    <subfield code="b">nc</subfield>
  </datafield>
  <datafield tag="505" ind1="0" ind2=" ">
    <subfield code="a">Pr&#xF3;logo --
LAS VIDES CULTIVADAS -- 
1. Ampelograf&#xED;a y mejora vegetal. --
2. Morfolog&#xED;a y anatom&#xED;a de la vid. --
3. Fisiolog&#xED;a de la vid. --
INSTALACION DE UNA PARCELA DE LA VI&#xD1;A --
1. Producci&#xF3;n de los pies de la vi&#xF1;a. --
2. Reglamentaci&#xF3;n de las plantaciones. --
3. Acondicionamiento del terreno. --
4. Razonamiento de las alternativas t&#xE9;cnicas antes de la plantaci&#xF3;n. --
5. Ejecuci&#xF3;n de la plantaci&#xF3;n. --
CONDUCCI&#xD3;N DEL VI&#xD1;EDO. --
1. T&#xE9;cnicas de regeneraci&#xF3;n de las vides. --
2. Razonamiento y realizaci&#xF3;n del mantenimiento del suelo. --
3. Razonamiento de la fertilizaci&#xF3;n. --
4. Razonamiento y pr&#xE1;ctica de la poda. --
5. Razonamiento y realizaci&#xF3;n de las operaciones en verde. --
6. Razonamiento y organizaci&#xF3;n de la recolecci&#xF3;n. --
EL ESTADO SANITARIO DEL VI&#xD1;EDO. 
1. Enfermedades fisiol&#xF3;gicas. --
2. Accidentes clim&#xE1;ticos. --
3. Enfermedades y plagas de decaimiento. --
4. Enfermedades del follaje y de los racimos. --
5. Plagas que afectan a la vegetaci&#xF3;n o los racimos. --
6. Puesta en pr&#xE1;ctica de la protecci&#xF3;n fitosanitaria en una explotaci&#xF3;n vit&#xED;cola. --
P&#xE1;ginas WEB &#xFA;tiles. --
&#xCD;ndice alfab&#xE9;tico.</subfield>
  </datafield>
  <datafield tag="520" ind1="2" ind2=" ">
    <subfield code="a">Totalmente renovada y puesta al d&#xED;a, tiene en cuenta temas llenos de actualidad, tales como las perspectivas de futuro en la cuesti&#xF3;n de las variedades y de los portainjertos, las novedades en cuanto a la reglamentaci&#xF3;n vin&#xED;cola (derechos de las plantaciones y consecuencias de la integraci&#xF3;n de la viticultura en la PAC), las soluciones alternativas al uso de herbicidas qu&#xED;micos, las medidas profil&#xE1;cticas y las claves de decisi&#xF3;n para limitar el decaimiento de las cepas, las nuevas obligaciones en cuanto a la elecci&#xF3;n y utilizaci&#xF3;n de productos fitosanitarios y la reducci&#xF3;n de las entradas o inputs&#x85; F&#xE1;cil de entender y bien documentada, esta obra consta de cuatro partes: &#xB7; Una presentaci&#xF3;n de los conocimientos ampelogr&#xE1;fico, anat&#xF3;mico y fisiol&#xF3;gico de las vides cultivadas. &#xB7; Una gu&#xED;a de la plantaci&#xF3;n de una parcela de vi&#xF1;a. &#xB7; Una gu&#xED;a de las intervenciones realizadas en las vi&#xF1;as que est&#xE1;n en producci&#xF3;n. &#xB7; Una gu&#xED;a sanitaria del vi&#xF1;edo</subfield>
  </datafield>
  <datafield tag="650" ind1="1" ind2="7">
    <subfield code="a">Viticultura</subfield>
    <subfield code="x">Francia</subfield>
    <subfield code="2">atg</subfield>
    <subfield code="9">120059</subfield>
  </datafield>
  <datafield tag="650" ind1="1" ind2="3">
    <subfield code="a">Uvas de vino</subfield>
    <subfield code="x">Variedades  </subfield>
    <subfield code="2">atg</subfield>
    <subfield code="9">162127</subfield>
  </datafield>
  <datafield tag="650" ind1="1" ind2="3">
    <subfield code="a">Vi&#xF1;as  </subfield>
    <subfield code="2">atg</subfield>
    <subfield code="9">162337</subfield>
  </datafield>
  <datafield tag="650" ind1="1" ind2="3">
    <subfield code="a">Vinificaci&#xF3;n</subfield>
    <subfield code="x">Optimizaci&#xF3;n  </subfield>
    <subfield code="2">atg</subfield>
    <subfield code="9">159564</subfield>
  </datafield>
  <datafield tag="650" ind1="1" ind2="3">
    <subfield code="a">Industria del vino  </subfield>
    <subfield code="2">atg</subfield>
    <subfield code="9">151418</subfield>
  </datafield>
  <datafield tag="650" ind1="1" ind2="3">
    <subfield code="a">Viticulture</subfield>
    <subfield code="x">France</subfield>
    <subfield code="2">atg</subfield>
    <subfield code="9">189967</subfield>
  </datafield>
  <datafield tag="650" ind1="1" ind2="3">
    <subfield code="a">Wine grapes</subfield>
    <subfield code="x">Varieties  </subfield>
    <subfield code="2">atg</subfield>
    <subfield code="9">162128</subfield>
  </datafield>
  <datafield tag="650" ind1="1" ind2="3">
    <subfield code="a">Vineyards  </subfield>
    <subfield code="2">atg</subfield>
    <subfield code="9">162336</subfield>
  </datafield>
  <datafield tag="650" ind1="1" ind2="3">
    <subfield code="a">Winemaking</subfield>
    <subfield code="x">Optimization</subfield>
    <subfield code="2">atg</subfield>
    <subfield code="9">159566</subfield>
  </datafield>
  <datafield tag="650" ind1="1" ind2="3">
    <subfield code="a">Wine industry  </subfield>
    <subfield code="2">atg</subfield>
    <subfield code="9">151419</subfield>
  </datafield>
  <datafield tag="700" ind1="1" ind2=" ">
    <subfield code="a">Pijoan, Manuel</subfield>
    <subfield code="9">146547</subfield>
    <subfield code="e">traductor</subfield>
  </datafield>
  <datafield tag="942" ind1=" " ind2=" ">
    <subfield code="2">ddc</subfield>
    <subfield code="c">LIBRO</subfield>
  </datafield>
  <datafield tag="999" ind1=" " ind2=" ">
    <subfield code="c">220396</subfield>
    <subfield code="d">220396</subfield>
  </datafield>
  <datafield tag="952" ind1=" " ind2=" ">
    <subfield code="0">0</subfield>
    <subfield code="1">0</subfield>
    <subfield code="2">ddc</subfield>
    <subfield code="4">0</subfield>
    <subfield code="5">1</subfield>
    <subfield code="7">0</subfield>
    <subfield code="8">GRAL</subfield>
    <subfield code="a">IA_</subfield>
    <subfield code="b">IA_</subfield>
    <subfield code="d">2024-10-16</subfield>
    <subfield code="e">Compra Librer&#xED;a UACh F. 44565</subfield>
    <subfield code="g">2082.50</subfield>
    <subfield code="i">Consumo</subfield>
    <subfield code="l">0</subfield>
    <subfield code="o">634.8 R49 2013</subfield>
    <subfield code="p">1102015204</subfield>
    <subfield code="r">2025-01-28 12:52:38</subfield>
    <subfield code="t">Ej. 1</subfield>
    <subfield code="w">2025-01-28</subfield>
    <subfield code="y">LIBRO</subfield>
  </datafield>
  <datafield tag="952" ind1=" " ind2=" ">
    <subfield code="0">0</subfield>
    <subfield code="1">0</subfield>
    <subfield code="2">ddc</subfield>
    <subfield code="4">0</subfield>
    <subfield code="5">5</subfield>
    <subfield code="7">0</subfield>
    <subfield code="8">GRAL</subfield>
    <subfield code="a">IA_</subfield>
    <subfield code="b">IA_</subfield>
    <subfield code="d">2024-10-16</subfield>
    <subfield code="e">Compra Librer&#xED;a UACh F. 44565</subfield>
    <subfield code="g">2082.50</subfield>
    <subfield code="i">Consumo</subfield>
    <subfield code="l">0</subfield>
    <subfield code="o">634.8 R49 2013</subfield>
    <subfield code="p">1102015205</subfield>
    <subfield code="r">2025-01-28 12:52:38</subfield>
    <subfield code="t">Ej. 2</subfield>
    <subfield code="w">2025-01-28</subfield>
    <subfield code="y">LIBRO</subfield>
  </datafield>
</record>
